| 000 | 00873nam0a22002651 4500 | ||
|---|---|---|---|
| 001 | rc\584441 | ||
| 005 | 20250621173454.0 | ||
| 035 | _a(NLR Aleph) 005831582 | ||
| 090 |
_a5585859 _c5585859 |
||
| 100 | _a20031121d1987 |||y0rusy50 ca | ||
| 101 | 0 | _arus | |
| 102 | _aRU | ||
| 105 | _ay ||||||||| | ||
| 200 | 1 |
_aОтчет о командировке в Швейцарию _fАН СССР, ВИНИТИ |
|
| 210 |
_aМ. _cВИНИТИ _d1987 |
||
| 215 |
_a11 с. _d21 |
||
| 300 | _aНа 1-й с. авт.: д. х. н., проф. Олейник Э.Ф. | ||
| 320 | _aСписок получ. науч.-техн. материалов: с. 11 | ||
| 333 | _aДСП. Экз. № 000008 | ||
| 700 | 1 |
_aОлейник _bЭ.Ф. _gЭдуард Федорович |
|
| 801 | 0 |
_aRU _bNLR _gpsbo |
|
| 801 | 1 |
_aRU _bELAR _2rusmarc |
|
| 852 |
_aNLR _j88-50К/5228 |
||
| 942 | _cBOOK | ||
| 980 | _aNB | ||